Introduction to automata theory, languages, and computation

Αποθηκεύτηκε σε:
Λεπτομέρειες βιβλιογραφικής εγγραφής
Κύριος συγγραφέας: Hopcroft, John E., 1939-
Άλλοι συγγραφείς: Ullman, Jeffrey D., 1942-
Μορφή: Βιβλίο
Γλώσσα:English
Δημοσίευση: Reading, Mass. : Addison-Wesley, c1979.
Σειρά:Addison-Wesley series in computer science
Θέματα:
Ετικέτες: Προσθήκη ετικέτας
Δεν υπάρχουν, Καταχωρήστε ετικέτα πρώτοι!

MARC

LEADER 00000cam a2200000 i 4500
001 1/94769
008 991206s1979 mau| ||| |||| ||eng||
020 |a 020102988X 
035 |l 10054978 
040 |a GR-MyUa  |b gre  |e AACR2 
041 0 |a eng 
082 7 |a 511.3   |2 (21) 
100 1 |a Hopcroft, John E.,   |d 1939- 
245 1 0 |a Introduction to automata theory, languages, and computation /   |c John E. Hopcroft, Jeffrey D. Ullman. 
260 |a Reading, Mass. :   |b Addison-Wesley,   |c c1979. 
300 |a x, 418 σ. :   |b εικ. ;   |c 24 εκ. 
490 1 |a (Addison-Wesley series in computer science) 
504 |a Περιλαμβάνει βιβλιογραφικές παραπομπές και ευρετήρια. 
650 0 |a Machine theory. 
650 0 |a Formal languages. 
650 0 |a Computational complexity. 
700 1 |a Ullman, Jeffrey D.,   |d 1942- 
830 0 |a Addison-Wesley series in computer science 
852 |a INST  |b SAMOS  |e 19991206  |h 511.3 HOP  |p 005300016516  |q 005300016516  |t BK  |y 23 
852 |a INST  |b SAMOS  |e 20010214  |h 511.3 HOP  |p 005300021913  |q 005300021913  |t BK  |y 0 
852 |a INST  |b SAMOS  |e 20010214  |h 511.3 HOP  |p 005300021914  |q 005300021914  |t BK  |y 0 
852 |a INST  |b SAMOS  |e 20010214  |h 511.3 HOP  |p 005300021915  |q 005300021915  |t BK  |y 0 
852 |a INST  |b SAMOS  |e 20010214  |h 511.3 HOP  |p 005300021916  |q 005300021916  |t BK  |y 0 
852 |a INST  |b SAMOS  |e 20010214  |h 511.3 HOP  |p 005300021917  |q 005300021917  |t BK  |y 0 
852 |a INST  |b SAMOS  |e 20010214  |h 511.3 HOP  |p 005300021918  |q 005300021918  |t BK  |y 0 
852 |a INST  |b SAMOS  |e 20010214  |h 511.3 HOP  |p 005300021919  |q 005300021919  |t BK  |y 0 
852 |a INST  |b SAMOS  |e 20010214  |h 511.3 HOP  |p 005300021920  |q 005300021920  |t BK  |y 0 
852 |a INST  |b SAMOS  |e 20010214  |h 511.3 HOP  |p 005300021921  |q 005300021921  |t BK  |y 0 
852 |a INST  |b SYROS  |e 20010214  |h 511.35 HOP  |p 005500000299  |q 005500000299  |t BK  |y 0 
901 |a BIBL3-2001-1 
901 |a BIBL3-1999-3 
922 |a 3ΕΛΗ  |b 200002  |c ΤΠΕΣ/ΠΟΛ  |d LEADER 
922 |a 5ΕΛΗ  |b 200002  |c ΤΠΕΣ/ΠΟΛ  |d LEADER 
922 |a 3ΕΛΗ  |b 199911  |c ΤΠΕΣ  |d Παπασωτηρίου 
970 |a ΓΕΝΟΥΖΟΥ  |b ΧΡΥΣΑΝΘΗ  |z 1999/12/06